000 00905nam a2200301 a 4500
001 22573
003 SK-KTurca
005 20260401135649.0
008 250414s1992 xo 0 slo
015 _aSNBA1992/09
020 _a8071140473
035 _aSNK000011907
040 _aSNK
_bslo
_cSNK
_eAACR2
041 0 _axo
044 _axo
_cSK
080 _a830-3(087.5)
_21981
100 1 _aMondschein, Helga
_4aut
245 1 0 _a...srdečne Ťa pozdravuje Monika
_cHelga Mondschein ; Helga Monschein, Tatjana Augstenová, Zuzana Bošácka
250 _a1. vyd.
260 _aBratislava
_bLúč
_aS.l.
_b, b.t. [vyd.]
_c1992
300 _a151 s.
_c20 cm
700 1 _aMonschein, Helga
_4aut
700 1 _aAugstenová, Taťjana
_4trl
700 1 _aBošácka, Zuzana,
_d1957-
_4bkd
942 _2ddc
_cKLDE
_n0
999 _c22573
_d22573